000
00318pab a2200145 454500
008
180718b2001 xxu||||| |||| 00| 0 eng d
100
_a
Macwan, Martin
245
_a
(Un)touchable in Durban
260
_c
2001
300
_a
p.21-24
362
_a
Dec
650
_a
Untouchables
773
_a
Seminar
909
_a
50727
999
_c
50727
_d
50727